| 000 -ლიდერი |
| ფიქსირებული სიგრძის საკონტროლო ველი |
01839nam a2200301Ia 4500 |
| 001 - საკონტროლო ნომერი |
| საკონტროლო ველი |
21382 |
| 003 - საკონტროლო ნომრის იდენტიფიკატორი |
| საკონტროლო ველი |
GE_BSU |
| 005 - ბოლო ოპერაციის თარიღი და დრო |
| საკონტროლო ველი |
20220510113839.0 |
| 008 - ფიქსირებული სიგრძის მონაცემთა ელემენტები - ზოგადი ინფორმაცია |
| ფიქსირებული სიგრძის საკონტროლო ველი |
181216s2017||||ge |||||||||||||| ||geo|| |
| 020 ## - წიგნის საერთაშორისო სტანდარტული ნომერი |
| International Standard Book Number |
9789941098574 |
| 040 ## - კატალოგიზაციის წყარო |
| Transcribing agency |
GE_BSU |
| 041 ## - ენის კოდი |
| Language code of text/sound track or separate title |
geo |
| 080 ## - უნივერსალური ათობითი კლასიფიკაციის ინდექსი |
| Universal Decimal Classification number |
902(479.223) ა–95 |
| 245 ## - ცნობა სათაურის შესახებ |
| Title |
აჭარა : წარსული და თანამედროვეობა : |
| Remainder of title |
კრებული III / |
| Statement of responsibility, etc |
რედ. ამირან კახიძე ; სარედ. კოლეგია : გ. თავამაიშვილი, შ. მამულაძე, მ. ფაღავა, ნ. მგელაძე და სხვ.; აჭარის არ განათლების კულტურის და სპორტის სამინისტრო. |
| 264 ## - წარმოების, გამოცემის, დისტრიბუციის და სხვა ცნობები |
| გამოცემის, წარმოების, დისტრიბუციის... ადგილი |
ბათუმი, |
| გამოცემის, წარმოების, დისტრიბუციის... თარიღი |
2017. |
| 300 ## - ფიზიკური აღწერა |
| Extent |
525 გვ. : |
| Other physical details |
ილ. ; |
| Dimensions |
30 სმ. |
| 546 ## - LANGUAGE NOTE |
| Language note |
პარალელური სათაური ინგლისურ და რუსულ ენებზე |
| 546 ## - LANGUAGE NOTE |
| Language note |
ტექსტები ინგისურ და რუსულ ენებზე |
| 653 ## - INDEX TERM--UNCONTROLLED |
| Uncontrolled term |
არქეოლოგია |
| 653 ## - INDEX TERM--UNCONTROLLED |
| Uncontrolled term |
აჭარა : წარსული და თანამედროვეობა |
| 653 ## - INDEX TERM--UNCONTROLLED |
| Uncontrolled term |
ისტორია |
| 700 ## - ADDED ENTRY--PERSONAL NAME |
| Personal name |
კახიძე, ამირან |
| Relator term |
რედაქტორი |
| 9 (RLIN) |
103 |
| 700 ## - ADDED ENTRY--PERSONAL NAME |
| Personal name |
თავამაიშვილი, გ. |
| Relator term |
რედაქტორი |
| 9 (RLIN) |
6748 |
| 700 ## - ADDED ENTRY--PERSONAL NAME |
| Personal name |
მამულაძე, შ. და სხვ. |
| Relator term |
რედაქტორი |
| 9 (RLIN) |
13713 |
| 710 ## - ADDED ENTRY--CORPORATE NAME |
| Corporate name or jurisdiction name as entry element |
აჭარის არ განათლების კულტურის და სპორტის სამინისტრო |
| 9 (RLIN) |
12845 |
| 942 ## - ADDED ENTRY ELEMENTS (KOHA) |
| Koha item type |
წიგნი |
| Source of classification or shelving scheme |
|